000 01809cam a22004934i 4500
003 PE-LiUPU
005 20250731165547.0
008 150625s r 000 0 d
035 _a(Sirsi) a34196
035 _a(Sirsi) a34196
040 _aPE-LiUPU
_bspa
_cPE-LiUPU
_erda
082 0 4 _a225.7
_bHNT
_221
100 1 _aKelly, J.N.D.,
_eautor.
245 1 4 _aThe Epistles of Peter and of Jude /
_cJ.N.D. Kelly.
264 1 _aMassachusetts :
_bHendrickson Publisher,
_c1969.
300 _a387 páginas ;
_c21.5 cm.
336 _atext
_2rdacontent
337 _aunmediated
_2rdamedia
338 _avolume
_2rdacarrier
505 0 _aIntroducctin to 1 Peter. -Select Bibliography. -The first epistle of Peter. -Introduction to 2 Peter and Jude. Select bibliography to 2 Peter and Jude. -The epistle of Jude. -The second epistle of Peter. -Index.
526 _aSEG44
526 _aSEG26
526 _aP151
526 _aP150
526 _aP149
526 _aP146
526 _aP145
526 _aP126
526 _aP125
526 _aP92
526 _aP75
526 _aP74
526 _aP27
526 _aP15
630 _aBiblia.
_pN.T.
_pPedro I, II
_xComentarios.
630 _aBiblia.
_pN.T.
_pJudas
_xComentarios.
910 _a
942 _2ddc
_cBOOK
949 _aRC 225.7 HNT
_wDEWEY
_c1
_i37854
_lRC
_mBUL
_r0
_sY
_tBOOK
_u2015-6-25
_xBIBLIOTECA
_zUNKNOWN
_0COMPRA
_o.CIRCNOTE. No olvidar cambiar la fecha de devolución!!!!!!!
_o.STAFF. Colección General
994 _aC0
_bPEPRU
596 _a1
999 _aRC 225.7 HNT
_wDEWEY
_c42026
_i37854
_f2021-11-8
_g6
_lCCODEBUL1
_mBUL
_r1
_sY
_tBOOK
_u2015-6-25
_xTEOLOGIA
_zUNKNOWN
_0COMPRA
_o.CIRCNOTE. No olvidar cambiar la fecha de devolución!!!!!!!
_o.STAFF. Colección General
_d42026
980 _81
_gALBERTO SANCHEZ Responsable de Automatización